000 01256cam a22003497a 4500
003 CHAP
005 20220329135421.0
008 971013s1984 r 00010 d
010 _a36096
011 _a37068
035 _a41187
040 _cCHAP
090 _aFolleto 10792y
110 _aOrganización Mundial de la Salud
_983555
245 1 0 _aInformación técnica sobre el agente de control biológico
_b: Thiara granifera Lamarck
260 _aToluca, Méx. :
_bOrganización Mundial de la Salud,
_c1984
300 _a5 p.
490 0 _aSerie ecológica
_v; 8
590 _aBATCH-UPD
_b10
_c20130110
_lUCH01
_h1710
590 _aBATCH-UPD
_b10
_c20130410
_lUCH01
_h1056
590 _aBATCH-UPD
_b10
_c20130914
_lUCH01
_h1046
590 _aCONVERSION
_b10
_c20130109
_lUCH01
_h1320
650 1 4 _aControl biológico de plagas.
_927587
650 1 4 _aThiara granifera.
_9112767
710 0 _aCentro Panamericano de Ecología Humana y Salud.
_921257
710 0 _aUniversidad Autónoma del Estado de México.
_9116362
830 0 _aSerie ecológica
_v; 8
_9104834
901 _aBK
942 _cFOLL
949 _aFolleto 10792y
_bBC
_cFOLL
_d-94311
_eTS1
_gI. 135588
_i41187
_si
949 _aFolleto 10792y
_bBC
_cFOLL
_d-94312
_eTS2
_fc.2
_gI. 135589
_i41187
_si
999 _c36096
_d36096